Statistics for Largest Cities In Colorado

Click here to take the quiz!

General Stats

  • This quiz has been taken 50 times
  • The average score is 8 of 12

Answer Stats

Pop.City% Correct
704,621Denver
100%
464,474Colorado Springs
97%
366,623Aurora
84%
107,125Boulder
78%
165,080Fort Collins
75%
111,127Pueblo
72%
154,958Lakewood
63%
105,448Greeley
56%
118,807Arvada
53%
110,250Centennial
50%
136,978Thornton
44%
112,812Westminster
31%

Score Distribution

Percentile by Number Answered

Percent of People with Each Score

Your Score History

You have not taken this quiz